000 00406cam a2200157ua 4500
041 _aeng
_h
082 _a370.114
_bMUK/CH
100 _aMukulbhai, Kalarthi .
245 _aCharacter and conduct /
_cMukulbhai Kalarthi.
_hTextual Documents
250 _a1 /
_b.
260 _aAhmadabad :
_bNavajivan publishing house ,
_c1956.
300 _a48 ; .
504 _a
942 _cBK
999 _c12164
_d12164